Auswanderungen Hongkong - Statistiken

Allgemein
  • Dieses Quiz wurde 49 mal gespielt
  • Das Durchschnittsergebnis liegt bei 7 aus 10
Antwortstatistiken
Platz Land Anzahl % Korrekt
1. China 472.900
98%
9. Japan 3.785
89%
2. Vereinigte Staaten 330.000
89%
6. Australien 86.886
85%
5. Taiwan 87.719
83%
4. Vereinigtes Königreich 145.000
83%
3. Kanada 215.775
78%
10. Malaysia 3.000
59%
7. Macau 19.355
22%
8. Niederlande 18.300
15%
Keine übereinstimmenden Quizze gefunden
Verteilung der Resultate
Anzahl Personen mit jedem Resultat
Perzentil nach korrekt beantworteten Fragen
Ihre Resultats-Entwicklung
Sie haben dieses Quiz noch nicht gespielt